Southville International School and Colleges
Your cart is empty.
  • Cart
  • Lists
    Public lists Eva Luna New books Lux_list list_1
    Your lists Log in to create your own lists
  • Log in to your account
  • Your cookies
  • Search history
Southville International School and Colleges
  • Advanced search
  • Recent comments
  • Most popular
  • Libraries

Log in to your account

Log in with GOOGLE


If you do not have an external account, but do have a local account, you can still log in:

  1. Home
  2. MARC view: International economics :
Normal view MARC view ISBD view

International economics : (Record no. 366621)

[ view plain ]
MARC details
000 -LEADER
fixed length control field 02025nam a22002297a 4500
003 - CONTROL NUMBER IDENTIFIER
control field 0
005 - DATE AND TIME OF LATEST TRANSACTION
control field 20241026091308.0
008 - FIXED-LENGTH DATA ELEMENTS--GENERAL INFORMATION
fixed length control field 241026b xxu||||| |||| 00| 0 eng d
020 ## - INTERNATIONAL STANDARD BOOK NUMBER
International Standard Book Number 9789811280252
050 ## - LIBRARY OF CONGRESS CALL NUMBER
Classification number HF 1379
Item number .T46 2024
100 ## - MAIN ENTRY--PERSONAL NAME
Personal name Thompson, Henry,
Relator term author.
245 ## - TITLE STATEMENT
Title International economics :
Remainder of title global market competition /
Statement of responsibility, etc Henry Thompson.
250 ## - EDITION STATEMENT
Edition statement 5th ed.
260 ## - PUBLICATION, DISTRIBUTION, ETC. (IMPRINT)
Place of publication, distribution, etc Singapore :
Name of publisher, distributor, etc World Scientific Publishing Co. Pte. Ltd.,
Date of publication, distribution, etc 2024.
300 ## - PHYSICAL DESCRIPTION
Extent xvii, 350 p. :
Other physical details ill. ;
Dimensions 26 cm.
504 ## - BIBLIOGRAPHY, ETC. NOTE
Bibliography, etc Includes bibliographical references and index.
520 ## - SUMMARY, ETC.
Summary, etc "This text integrates trade theory and open economy macroeconomics with straightforward diagrams and numerous examples. The emphasis is on the gains from competitive trade and the limits of policy. Economics began with the political debate over import tariffs in England. Tariffs lead to net economic losses, except in a few circumstances, and would then lead to retaliation. Consumers and firms importing intermediate inputs lose due to tariffs, as do export industries when other countries retaliate with tariffs of their own. Import competing industries and the government gain from tariffs. The present approach integrates theories of market behavior and general equilibrium on the microeconomic side. Exchange rate theory bridges from trade theory into balance of payments theory. In the final chapter on open economy macroeconomics, the limits of monetary and fiscal policies due to the competitive foreign exchange market is the focus. Theoretical diagrams present the theory without assuming intermediate theory. Numerous problems for each section build confidence in applying the theory. Boxed examples illustrate the importance of theory. Each chapter includes a concise mathematical appendix that should appeal to students with interest and to instructors preparing for class"--Provided by publisher.
650 ## - SUBJECT ADDED ENTRY--TOPICAL TERM
Topical term or geographic name as entry element International trade.
650 ## - SUBJECT ADDED ENTRY--TOPICAL TERM
Topical term or geographic name as entry element Competition, International.
650 ## - SUBJECT ADDED ENTRY--TOPICAL TERM
Topical term or geographic name as entry element Globalization.
942 ## - ADDED ENTRY ELEMENTS (KOHA)
Source of classification or shelving scheme Library of Congress Classification
Koha item type Books
Holdings
Withdrawn status Lost status Source of classification or shelving scheme Damaged status Home library Current library Shelving location Date acquired Source of acquisition Sub Shelving location Total Checkouts Total Renewals Full call number Barcode Date last seen Date checked out Price effective from Koha item type
    Library of Congress Classification   College Library College Library Reserve Section 10/26/2024 Library Fund   2 10 HF 1379 .T46 2024 C23859 05/26/2025 05/05/2025 10/26/2024 Books

International economics :

APA

Thompson H., . (2024). International economics. Singapore: World Scientific Publishing Co. Pte. Ltd.

Chicago

Thompson Henry, . 2024. International economics. Singapore: World Scientific Publishing Co. Pte. Ltd.

Harvard

Thompson H., . (2024). International economics. Singapore: World Scientific Publishing Co. Pte. Ltd.

MLA

Thompson Henry, . International economics. Singapore: World Scientific Publishing Co. Pte. Ltd. 2024.

  • Place hold
  • Print
  • Cite
  • Add to your cart (remove)
  • Save record
    BIBTEX Dublin Core MARCXML MARC (non-Unicode/MARC-8) MARC (Unicode/UTF-8) MARC (Unicode/UTF-8, Standard) MODS (XML) RIS
  • More searches
    Search for this title in:
    Other Libraries (WorldCat) Other Databases (Google Scholar) Online Stores (Bookfinder.com) Open Library (openlibrary.org)

Exporting to Dublin Core...

SOUTHVILLE LIBRARY

Southville International School and Colleges Library

1281 Tropical Ave. Cor. Luxembourg St., BF Homes International, Las Pinas City

Tel. No. 8256374 / 252358 Loc. 117/146

Powered by Koha